[Event "7th Asia-ch"]
[Site "Subic Bay PHI"]
[Date "2009.05.23"]
[Round "11"]
[White "Pak, Evgeny"]
[Black "Al-Modiahki, Mohamad"]
[Result "1/2-1/2"]
[WhiteElo "2328"]
[BlackElo "2585"]
[EventDate "2009.05.13"]
[PlyCount "84"]

1.d4 Nf6 2.c4 g6 3.Nc3 Bg7 4.e4 d6 5.f3 O-O 6.Be3 c5 7.dxc5 dxc5 8.Qxd8 
Rxd8 9.Bxc5 Nc6 10.Ba3 a5 11.Rd1 Rxd1+ 12.Kxd1 Be6 13.Nd5 Rd8 14.Kc2 b5 
15.Nxe7+ Nxe7 16.Bxe7 Rc8 17.c5 Nd7 18.Bxb5 Nxc5 19.Kb1 Rb8 20.Bxc5 Rxb5 
21.Ba3 f5 22.Ne2 fxe4 23.fxe4 Bc4 24.Nc1 Rg5 25.g3 Re5 26.Re1 Bd5 27.Ka1 
Rxe4 28.Rxe4 Bxe4 29.Nb3 a4 30.Nc5 Bc2 31.Ne6 Bf6 32.Bc5 Kf7 33.Nd4 Bd3 
34.a3 g5 35.Ka2 Kg6 36.b3 Kh5 37.bxa4 Kg4 38.Kb3 Kh3 39.Kc3 Ba6 40.Kd2 
Kxh2 41.Nf5 Be5 42.Be3 Bxg3 1/2-1/2

[Event "7th Asia-ch"]
[Site "Subic Bay PHI"]
[Date "2009.05.23"]
[Round "11"]
[White "Gao Rui"]
[Black "Murshed, Niaz"]
[Result "1/2-1/2"]
[WhiteElo "2500"]
[BlackElo "2407"]
[EventDate "2009.05.13"]
[PlyCount "124"]

1.e4 e6 2.d4 d5 3.Nc3 dxe4 4.Nxe4 Bd7 5.Nf3 Bc6 6.Bd3 Nd7 7.O-O Ngf6 8.Ng3
Be7 9.b3 O-O 10.Bb2 Bxf3 11.Qxf3 c6 12.Rfe1 Re8 13.c4 Bf8 14.Ne4 Nxe4 15.
Rxe4 Nf6 16.Bc2 Qa5 17.Re5 Qd2 18.Re2 Qg5 19.Rae1 Bb4 20.Rd1 Bd6 21.h3 Qf4
22.Qxf4 Bxf4 23.g3 Bd6 24.Kg2 Nd7 25.Be4 g6 26.Bf3 Rac8 27.Bc3 Bf8 28.a4 
b6 29.b4 Bg7 30.Ba1 a6 31.a5 bxa5 32.bxa5 c5 33.d5 exd5 34.Rxe8+ Rxe8 35.
Bxg7 Kxg7 36.Rxd5 Ne5 37.Be2 Nc6 38.Rxc5 Nd4 39.Bd3 Nb3 40.Rd5 Rc8 41.Bc2 
Na1 42.Bd3 Nb3 43.h4 Rc5 44.Kf3 Rxa5 45.Rxa5 Nxa5 46.Ke4 Nc6 47.Bc2 Kf6 
48.Ba4 Nb4 49.Kd4 Ke6 50.c5 f6 51.Bb3+ Kd7 52.Kc4 a5 53.Kb5 Kc7 54.Bc4 Nc6
55.Bd5 Ne5 56.f4 Nd3 57.Be4 Nc1 58.Bf3 Nb3 59.Bd1 Nd4+ 60.Kxa5 Nf5 61.g4 
Nxh4 62.Bc2 f5 1/2-1/2

[Event "7th Asia-ch"]
[Site "Subic Bay PHI"]
[Date "2009.05.23"]
[Round "11"]
[White "Al-Sayed, Mohamad Naser"]
[Black "Mahjoob, Morteza"]
[Result "1-0"]
[WhiteElo "2496"]
[BlackElo "2498"]
[EventDate "2009.05.13"]
[PlyCount "59"]

1.d4 g6 2.c4 Bg7 3.Nc3 d6 4.e4 c5 5.d5 Nf6 6.Bg5 b5 7.cxb5 a6 8.Qb3 axb5 
9.Bxb5+ Nfd7 10.Nf3 O-O 11.O-O Ba6 12.a4 Re8 13.Nd2 Bxb5 14.axb5 Rxa1 15.
Rxa1 Nb6 16.Na4 N8d7 17.Nxb6 Nxb6 18.Ra6 Qc7 19.Qa3 h6 20.Be3 Rb8 21.Qa5 
Rb7 22.b3 f5 23.Nc4 Nxc4 24.Qxc7 Rxc7 25.bxc4 fxe4 26.Bd2 Kf7 27.Ra8 Rb7 
28.Ba5 Ba1 29.Bd8 Ke8 30.Bc7+ 1-0

[Event "7th Asia-ch"]
[Site "Subic Bay PHI"]
[Date "2009.05.23"]
[Round "11"]
[White "Megaranto, Susanto"]
[Black "Nguyen Thanh Son"]
[Result "1-0"]
[WhiteElo "2553"]
[BlackElo "2362"]
[EventDate "2009.05.13"]
[PlyCount "71"]

1.e4 c5 2.Nf3 d6 3.d4 cxd4 4.Nxd4 Nf6 5.Nc3 a6 6.Bc4 e6 7.Bb3 b5 8.O-O Qc7
9.Qf3 Be7 10.Qg3 Nc6 11.Nxc6 Qxc6 12.f3 O-O 13.Be3 Re8 14.Rad1 Bb7 15.Ne2 
Bf8 16.c3 Rac8 17.Kh1 Qc7 18.Nd4 d5 19.e5 Nd7 20.f4 f5 21.exf6 Nxf6 22.Qh3
Qf7 23.Nf3 Qh5 24.Qxh5 Nxh5 25.Ne5 Nf6 26.Bd4 Ne4 27.f5 exf5 28.Rxf5 g6 
29.Rff1 Nc5 30.Ng4 Bg7 31.Bxg7 Kxg7 32.Bxd5 Bxd5 33.Rxd5 Re2 34.b4 Rf8 35.
Kg1 Ne4 36.Rd7+ 1-0

[Event "7th Asia-ch"]
[Site "Subic Bay PHI"]
[Date "2009.05.23"]
[Round "11"]
[White "Harika, Dronavalli"]
[Black "Hossain, Enamul"]
[Result "1/2-1/2"]
[WhiteElo "2474"]
[BlackElo "2531"]
[EventDate "2009.05.13"]
[PlyCount "75"]

1.d4 d5 2.c4 c6 3.Nf3 Nf6 4.Nc3 dxc4 5.a4 Bf5 6.Ne5 Nbd7 7.Nxc4 Nb6 8.Ne5 
a5 9.Bg5 h6 10.Bh4 e6 11.e4 Bh7 12.f3 Be7 13.Bf2 Nfd7 14.Nd3 O-O 15.Be2 
Rc8 16.Qb3 Bd6 17.Rc1 Qe7 18.O-O Kh8 19.Rfe1 f5 20.Bf1 Bb4 21.exf5 Bxf5 
22.Nf4 Qg5 23.Nxe6 Bxe6 24.Qxe6 Nf6 25.Qe3 Qh5 26.Qe5 Qg6 27.Qg3 Qf7 28.
Bd3 Nh5 29.Bg6 Nxg3 30.Bxf7 Rxf7 31.Bxg3 Bxc3 32.bxc3 Nxa4 33.c4 Nb6 34.
Rc2 Nd7 35.Ra1 b6 36.c5 bxc5 37.dxc5 Ra8 38.Bc7 1/2-1/2

[Event "7th Asia-ch"]
[Site "Subic Bay PHI"]
[Date "2009.05.23"]
[Round "11"]
[White "Paragua, Mark"]
[Black "Nguyen Van Huy"]
[Result "0-1"]
[WhiteElo "2529"]
[BlackElo "2423"]
[EventDate "2009.05.13"]
[PlyCount "66"]

1.d4 Nf6 2.c4 g6 3.Nc3 Bg7 4.e4 d6 5.Nf3 O-O 6.h3 a6 7.Bd3 c5 8.d5 b5 9.
O-O bxc4 10.Bxc4 Nbd7 11.Re1 a5 12.a4 Ba6 13.Bxa6 Rxa6 14.Be3 Ne8 15.Nd2 
Nc7 16.Nc4 Nb6 17.Nd2 f5 18.exf5 Rxf5 19.g4 Rf7 20.Nde4 Bxc3 21.Nxc3 Qa8 
22.Bg5 Nbxd5 23.Nxd5 Nxd5 24.Ra3 Ra7 25.Rf3 Nb4 26.Rxf7 Kxf7 27.Qe2 Qd5 
28.f4 Nc6 29.Rf1 Nd4 30.Qe3 Rb7 31.f5 gxf5 32.Bh4 Ke8 33.b3 Qe4 0-1

[Event "7th Asia-ch"]
[Site "Subic Bay PHI"]
[Date "2009.05.23"]
[Round "11"]
[White "Nolte, Rolando"]
[Black "Bui Vinh"]
[Result "1/2-1/2"]
[WhiteElo "2479"]
[BlackElo "2522"]
[EventDate "2009.05.13"]
[PlyCount "126"]

1.d4 b6 2.c4 Bb7 3.Nc3 e6 4.e4 Bb4 5.f3 Ne7 6.Ne2 f5 7.a3 Bxc3+ 8.Nxc3 O-O
9.Bd3 Nbc6 10.Be3 fxe4 11.fxe4 Ng6 12.Qg4 e5 13.d5 Nd4 14.O-O-O c5 15.Rhf1
Qe7 16.Bg5 Qd6 17.g3 Rxf1 18.Rxf1 Rf8 19.Rf5 Bc8 20.h4 Ne7 21.Rxf8+ Kxf8 
22.Ne2 Nxe2+ 23.Bxe2 h6 24.Bxe7+ Qxe7 25.Qf5+ Ke8 26.Bg4 Kd8 27.Kd2 Kc7 
28.Ke3 Ba6 29.Be2 Bc8 30.Bg4 a6 31.a4 b5 32.axb5 axb5 33.cxb5 c4 34.Be2 
Qc5+ 35.Kf3 Qd4 36.Qf8 g5 37.hxg5 hxg5 38.g4 d6 39.Qe7+ Bd7 40.b6+ Qxb6 
41.Bxc4 Qxb2 42.Be2 Qd2 43.Kf2 Qd4+ 44.Kf3 Qc3+ 45.Kg2 Qd2 46.Kf2 Qd4+ 47.
Kf3 Qg1 48.Qxg5 Qh1+ 49.Kf2 Qxe4 50.Qd2 Qa4 51.Kg3 Qa1 52.Kf2 Kd8 53.Qg5+ 
Kc8 54.Qd2 Qa7+ 55.Kg2 Qa3 56.Bf3 Qa1 57.g5 Bf5 58.Qb4 Kc7 59.Qc4+ Kd8 60.
Qh4 Qd4 61.Qxd4 exd4 62.Kf2 Ke7 63.Ke2 Kf7 1/2-1/2

[Event "7th Asia-ch"]
[Site "Subic Bay PHI"]
[Date "2009.05.23"]
[Round "11"]
[White "Laylo, Darwin"]
[Black "Wahono, Awam"]
[Result "1-0"]
[WhiteElo "2509"]
[BlackElo "2391"]
[EventDate "2009.05.13"]
[PlyCount "159"]

1.c4 Nf6 2.Nc3 c5 3.e4 d6 4.g3 Nc6 5.Bg2 g6 6.Nge2 Bg7 7.O-O O-O 8.d3 Rb8 
9.Rb1 a6 10.a4 Bg4 11.f3 Bd7 12.Be3 Ne8 13.Qd2 Nc7 14.Bh6 Ne6 15.Bxg7 Kxg7
16.g4 Qa5 17.f4 Ned4 18.f5 Ne5 19.g5 f6 20.Ng3 b5 21.axb5 axb5 22.Qf4 Qd8 
23.Nd5 bxc4 24.Qh4 Kh8 25.dxc4 Rb3 26.gxf6 exf6 27.fxg6 Nxg6 28.Qh6 Bg4 
29.Rf2 f5 30.exf5 Qh4 31.Qxh4 Nxh4 32.f6 Nhf3+ 33.Kh1 Ne5 34.Rf4 Be6 35.
Be4 Nxc4 36.Rh4 Rf7 37.Ra1 Rb8 38.Ne7 Ne5 39.Rf1 Rxb2 40.Rff4 Ndf3 41.Bxf3
Rf2 42.Be4 Rxf4 43.Rxf4 Nd7 44.Nh5 Rf8 45.Bd5 Bxd5+ 46.Nxd5 Ne5 47.Ra4 c4 
48.Ra6 Rd8 49.Kg2 Kg8 50.Ra7 Rd7 51.Rxd7 Nxd7 52.Kf3 Kf7 53.Ke4 c3 54.Nxc3
Kg6 55.Nf4+ Kxf6 56.Nb5 d5+ 57.Nxd5+ Kg5 58.Kf3 Ne5+ 59.Kg3 Ng6 60.Nd4 h5 
61.Nf3+ Kh6 62.Nf4 Ne7 63.Nd4 Kg5 64.Nh3+ Kh6 65.Kf4 Ng6+ 66.Ke4 Nf8 67.
Kf5 Nd7 68.Nf4 Nb6 69.h4 Nd7 70.Nf3 Nb6 71.Nd2 Nd7 72.Ne4 Nb6 73.Nd6 Nd7 
74.Nf7+ Kh7 75.Nxh5 Nb6 76.Nf6+ Kg7 77.Ne5 Na4 78.h5 Nc5 79.Neg4 Kh8 80.h6
1-0

[Event "7th Asia-ch"]
[Site "Subic Bay PHI"]
[Date "2009.05.23"]
[Round "11"]
[White "Gundavaa, Bayarsaihan"]
[Black "Kim, Alexey"]
[Result "1-0"]
[WhiteElo "2461"]
[BlackElo "2481"]
[EventDate "2009.05.13"]
[PlyCount "79"]

1.e4 c5 2.Nf3 d6 3.d4 cxd4 4.Nxd4 Nf6 5.Nc3 a6 6.Be3 e5 7.Nb3 Be6 8.Qd2 
Be7 9.f4 exf4 10.Bxf4 Nc6 11.O-O-O Ne5 12.Nd4 Bd7 13.Nf5 Bxf5 14.exf5 O-O 
15.Be2 b5 16.Kb1 b4 17.Nd5 Nxd5 18.Qxd5 Qc7 19.Rd4 Rfc8 20.Rc1 a5 21.g4 
Qb6 22.g5 a4 23.f6 gxf6 24.gxf6 Bxf6 25.Qxd6 Rc6 26.Qxb4 Qa7 27.Rd5 Ng6 
28.Bb5 Re6 29.Rd7 Qf2 30.Bg3 Qe3 31.Re1 Qf3 32.Rxe6 fxe6 33.a3 Ne5 34.Bxe5
Bxe5 35.Qe7 Qh1+ 36.Ka2 Qxh2 37.Qxe6+ Kh8 38.Bd3 Bg7 39.Rxg7 Kxg7 40.Qe7+ 
1-0

[Event "7th Asia-ch"]
[Site "Subic Bay PHI"]
[Date "2009.05.23"]
[Round "11"]
[White "Priyadharshan, Kannappan"]
[Black "Nguyen Anh Dung"]
[Result "0-1"]
[WhiteElo "2411"]
[BlackElo "2518"]
[EventDate "2009.05.13"]
[PlyCount "66"]

1.e4 c5 2.Nf3 d6 3.d4 cxd4 4.Nxd4 Nf6 5.Nc3 a6 6.h3 e5 7.Nde2 Be6 8.g4 d5 
9.exd5 Nxd5 10.Bg2 Bb4 11.O-O Bxc3 12.Nxc3 Nxc3 13.bxc3 Nc6 14.Ba3 Qxd1 
15.Raxd1 h5 16.Rb1 O-O-O 17.Bxc6 bxc6 18.Rb6 Kc7 19.Bc5 Rd5 20.Be3 hxg4 
21.Rxa6 gxh3 22.Kh2 Rb8 23.Rg1 g6 24.a4 Rb2 25.a5 Rxc2 26.Ra1 Rxc3 27.Ra7+
Kd6 28.a6 Rxe3 29.fxe3 Rd2+ 30.Kg3 Rg2+ 31.Kf3 Bg4+ 32.Ke4 Bf5+ 33.Kf3 e4+
0-1

[Event "7th Asia-ch"]
[Site "Subic Bay PHI"]
[Date "2009.05.23"]
[Round "11"]
[White "Villamayor, Buenaventura"]
[Black "Lou Yiping"]
[Result "1-0"]
[WhiteElo "2474"]
[BlackElo "2410"]
[EventDate "2009.05.13"]
[PlyCount "97"]

1.g3 Nf6 2.Bg2 g6 3.e4 d6 4.d4 c5 5.d5 Bg7 6.Ne2 O-O 7.O-O e6 8.Nbc3 exd5 
9.Nxd5 Nxd5 10.Qxd5 Nc6 11.c3 Be6 12.Qd1 Rc8 13.Nf4 Kh8 14.Qe2 a6 15.Rd1 
Qe7 16.Nd5 Bxd5 17.Rxd5 Ne5 18.Bf4 Rc6 19.Rad1 Qe6 20.Qd2 Nc4 21.Qc2 Re8 
22.b3 Na3 23.Qd2 Nb5 24.Rc1 Be5 25.Bxe5+ dxe5 26.Rd1 Kg7 27.Bf1 Qg4 28.a4 
Nc7 29.Rd7 b5 30.h3 Qf3 31.Bg2 Qf6 32.h4 h5 33.Bf1 Rb8 34.Qe3 Qe6 35.Qg5 
Re8 36.axb5 axb5 37.Be2 Qxb3 38.c4 bxc4 39.Rxf7+ Kxf7 40.Rd7+ Ke6 41.Rg7 
Qb1+ 42.Bf1 Qxe4 43.Bg2 Qe1+ 44.Kh2 Kd6 45.Qxg6+ Ne6 46.Qxe8 Nxg7 47.Qd8+ 
Ke6 48.Bd5+ Kf5 49.Qg5# 1-0

[Event "7th Asia-ch"]
[Site "Subic Bay PHI"]
[Date "2009.05.23"]
[Round "11"]
[White "Irwanto, Sadikin"]
[Black "Gonzales, Jayson"]
[Result "1/2-1/2"]
[WhiteElo "2447"]
[BlackElo "2465"]
[EventDate "2009.05.13"]
[PlyCount "35"]

1.d4 d5 2.Nf3 c6 3.c4 e6 4.Nc3 f5 5.g3 Bd6 6.Bg2 Nf6 7.O-O O-O 8.Qc2 Ne4 
9.b3 Qe7 10.Bb2 Nd7 11.a3 Kh8 12.Nxe4 fxe4 13.Ne5 Nxe5 14.dxe5 Bc5 15.b4 
Bb6 16.a4 Bd7 17.c5 Bc7 18.f4 1/2-1/2

[Event "7th Asia-ch"]
[Site "Subic Bay PHI"]
[Date "2009.05.23"]
[Round "11"]
[White "Hafizulhelmi, Mas"]
[Black "Garcia, Jan Emmanuel"]
[Result "1-0"]
[WhiteElo "2421"]
[BlackElo "2292"]
[EventDate "2009.05.13"]
[PlyCount "53"]

1.e4 d6 2.d4 Nf6 3.Nc3 g6 4.Be3 c6 5.h3 Nbd7 6.f4 b5 7.a3 Nb6 8.Nf3 a6 9.
Bd3 Bg7 10.O-O Qc7 11.Qe1 Bb7 12.Qf2 Nfd7 13.a4 b4 14.a5 bxc3 15.axb6 Nxb6
16.bxc3 d5 17.f5 dxe4 18.Bxe4 Nd5 19.fxg6 hxg6 20.Bd2 Nf6 21.Ng5 O-O 22.
Qh4 Nh5 23.Rxf7 Rxf7 24.Bxg6 Rf6 25.Qxh5 Rxg6 26.Qh7+ Kf8 27.Qxg6 1-0

[Event "7th Asia-ch"]
[Site "Subic Bay PHI"]
[Date "2009.05.23"]
[Round "11"]
[White "Sadorra, Julio Catalino"]
[Black "Hoang Canh Huan"]
[Result "1-0"]
[WhiteElo "2451"]
[BlackElo "2378"]
[EventDate "2009.05.13"]
[PlyCount "57"]

1.d4 g6 2.c4 Bg7 3.e4 Nc6 4.Nf3 e5 5.Bg5 f6 6.Be3 d6 7.Nc3 Bg4 8.d5 Nd4 9.
Bxd4 exd4 10.Nb5 f5 11.Be2 c6 12.Nbxd4 fxe4 13.Nd2 Bf5 14.Nxf5 gxf5 15.Qb3
Ne7 16.Bh5+ Ng6 17.c5 b6 18.dxc6 d5 19.cxb6 axb6 20.Rd1 Ra5 21.Nc4 Rc5 22.
Nxb6 d4 23.O-O Rxc6 24.Nd5 Rd6 25.Nf4 Ke7 26.Qg3 Kf7 27.Rc1 Be5 28.Rc5 Qf6
29.Rxe5 1-0

[Event "7th Asia-ch"]
[Site "Subic Bay PHI"]
[Date "2009.05.23"]
[Round "11"]
[White "Causo, Deniel"]
[Black "Dimakiling, Oliver"]
[Result "0-1"]
[WhiteElo "2367"]
[BlackElo "2426"]
[EventDate "2009.05.13"]
[PlyCount "74"]

1.e4 c5 2.c3 d5 3.exd5 Qxd5 4.d4 Nf6 5.Nf3 e6 6.Bd3 a6 7.O-O cxd4 8.cxd4 
Be7 9.Nc3 Qd6 10.Qe2 Nbd7 11.Re1 h6 12.Ne4 Nxe4 13.Qxe4 Nf6 14.Qh4 Bd7 15.
Ne5 Bb5 16.Bc2 Qb4 17.Rd1 Rc8 18.a3 Qa5 19.Bd2 Qd8 20.Rac1 Rxc2 21.Rxc2 
Ba4 22.Rdc1 Bxc2 23.Rxc2 O-O 24.h3 Qd5 25.Be3 Qb3 26.Rd2 Rc8 27.Bxh6 gxh6 
28.Rd3 Qxb2 29.Rg3+ Kh7 30.Nxf7 Qc1+ 31.Kh2 Rg8 32.Rxg8 Kxg8 33.Nxh6+ Kg7 
34.Ng4 Qf4+ 35.Kg1 Nd5 36.Qh5 Nf6 37.Qh4 Bd8 0-1

[Event "7th Asia-ch"]
[Site "Subic Bay PHI"]
[Date "2009.05.23"]
[Round "11"]
[White "Pascua, Haridas"]
[Black "Zhang Ziyang"]
[Result "0-1"]
[WhiteElo "2359"]
[BlackElo "2419"]
[EventDate "2009.05.13"]
[PlyCount "78"]

1.d4 Nf6 2.c4 g6 3.Nc3 Bg7 4.e4 d6 5.Nf3 O-O 6.Be2 e5 7.O-O Nc6 8.d5 Ne7 
9.b4 a5 10.Ba3 Nd7 11.bxa5 Rxa5 12.Bb4 Ra6 13.a4 f5 14.Nd2 Bh6 15.Nb3 Nf6 
16.c5 fxe4 17.Bxa6 bxa6 18.Na5 Bg4 19.Qb3 Nf5 20.cxd6 cxd6 21.Qc4 Bf3 22.
gxf3 Nd4 23.Kh1 Ng4 24.fxg4 Nf3 25.g5 Qxg5 26.Rg1 Qh5 27.Rg2 Bf4 28.Qxe4 
Bxh2 29.Qg4 Qh6 30.Qe6+ Kg7 31.Qe7+ Rf7 32.Qg5 Nxg5 33.Rxh2 Nh3 34.Bxd6 
Nxf2+ 35.Kg1 Qg5+ 36.Rg2 Nh3+ 37.Kh1 Qh5 38.Rg3 Rf2 39.Bxe5+ Kg8 0-1

[Event "7th Asia-ch"]
[Site "Subic Bay PHI"]
[Date "2009.05.23"]
[Round "11"]
[White "Akshayraj, Kore"]
[Black "Jia Haoxiang"]
[Result "1-0"]
[WhiteElo "2404"]
[BlackElo "2344"]
[EventDate "2009.05.13"]
[PlyCount "105"]

1.e4 c5 2.g3 Nc6 3.Bg2 g6 4.f4 Bg7 5.Nf3 e6 6.O-O Nge7 7.c3 O-O 8.Na3 Rb8 
9.Qe2 a6 10.d3 b5 11.Be3 b4 12.Nc4 bxc3 13.bxc3 d5 14.Nce5 Nxe5 15.fxe5 
Qc7 16.Qf2 f6 17.exf6 Bxf6 18.Bf4 e5 19.Nxe5 Qd8 20.Bh6 Bg7 21.Qxf8+ Bxf8 
22.Rxf8+ Qxf8 23.Bxf8 Kxf8 24.exd5 Nf5 25.Rf1 Ke8 26.Re1 Kf8 27.g4 Nd6 28.
Kf2 g5 29.h3 Rb2+ 30.Re2 Rb1 31.c4 a5 32.Nf3 h6 33.Nd2 Rd1 34.Ne4 Nb7 35.
Ke3 Ke7 36.Nc3 Ra1 37.d4 Kd7 38.dxc5 Nxc5 39.Kd4 Rc1 40.Kxc5 Rxc3 41.d6 
Rxc4+ 42.Kxc4 Ba6+ 43.Kc5 Bxe2 44.Bc6+ Kd8 45.Kb6 Bf1 46.Kxa5 Bxh3 47.Kb6 
Bxg4 48.a4 Be2 49.a5 g4 50.a6 Bxa6 51.Kxa6 h5 52.Kb6 h4 53.Be4 1-0

[Event "7th Asia-ch"]
[Site "Subic Bay PHI"]
[Date "2009.05.23"]
[Round "11"]
[White "Wang Li"]
[Black "Yu Lie"]
[Result "1/2-1/2"]
[WhiteElo "2401"]
[BlackElo "2307"]
[EventDate "2009.05.13"]
[PlyCount "59"]

1.e4 c5 2.Nf3 Nc6 3.d4 cxd4 4.Nxd4 Nf6 5.Nc3 e5 6.Ndb5 d6 7.Bg5 a6 8.Na3 
b5 9.Nd5 Be7 10.Bxf6 Bxf6 11.c4 b4 12.Nc2 O-O 13.g3 Bg5 14.Bg2 Qa5 15.O-O 
Qc5 16.b3 Be6 17.Kh1 Bxd5 18.Qxd5 Rfd8 19.f4 Bf6 20.Rad1 Rac8 21.Qd3 exf4 
22.gxf4 Qa5 23.Ne3 Qxa2 24.Nd5 Bd4 25.e5 Bc5 26.Rd2 Qa5 27.Bh3 Rb8 28.e6 
fxe6 29.Bxe6+ Kh8 30.Rg2 1/2-1/2

[Event "7th Asia-ch"]
[Site "Subic Bay PHI"]
[Date "2009.05.23"]
[Round "11"]
[White "Bancod, Ronald"]
[Black "Novita, Anjas"]
[Result "1/2-1/2"]
[WhiteElo "2356"]
[BlackElo "2345"]
[EventDate "2009.05.13"]
[PlyCount "106"]

1.d4 Nf6 2.Nf3 d5 3.c4 c6 4.cxd5 cxd5 5.Nc3 Nc6 6.Bf4 Bf5 7.e3 e6 8.Bb5 
Bd6 9.Bxc6+ bxc6 10.Bxd6 Qxd6 11.Rc1 O-O 12.O-O Rab8 13.Na4 Bg4 14.h3 Bxf3
15.Qxf3 Ne4 16.Rc2 Qb4 17.Nc3 Nxc3 18.bxc3 Qc4 19.Qe2 Qxe2 20.Rxe2 c5 21.
Rc1 Rfc8 22.Rec2 c4 23.Re1 Rb5 24.e4 dxe4 25.Rxe4 Rcb8 26.Kf1 g6 27.Ke2 a5
28.a4 Rd5 29.Kd2 Rb3 30.Ra2 h5 31.Kc2 Kf8 32.Re5 Ke7 33.Ra1 Rb7 34.Rae1 
Rbd7 35.Rb1 h4 36.f4 Kf6 37.Kd2 Ke7 38.Ke3 f6 39.Rxd5 Rxd5 40.Rb7+ Kf8 41.
Rc7 g5 42.Rxc4 gxf4+ 43.Kxf4 Rg5 44.Rc5 Rxg2 45.Rxa5 Rg3 46.Rc5 Rxh3 47.a5
Rh2 48.Rc6 Ke7 49.a6 Rg2 50.c4 Rd2 51.Rc7+ Kd6 52.a7 Ra2 53.Rf7 e5+ 
1/2-1/2

[Event "7th Asia-ch"]
[Site "Subic Bay PHI"]
[Date "2009.05.23"]
[Round "11"]
[White "Hassan, Abdullah"]
[Black "Celis, Solomon"]
[Result "1-0"]
[WhiteElo "2322"]
[BlackElo "2007"]
[EventDate "2009.05.13"]
[PlyCount "83"]

1.d4 Nf6 2.Nf3 e6 3.e3 b6 4.Bd3 Bb7 5.O-O Ne4 6.Ne5 d6 7.Nxf7 Kxf7 8.Qf3+ 
Qf6 9.Bxe4 Qxf3 10.Bxf3 Bxf3 11.gxf3 Nc6 12.c4 Ne7 13.Nc3 a6 14.e4 g5 15.
Rd1 Rg8 16.Kf1 h5 17.Be3 Rb8 18.d5 e5 19.b4 g4 20.fxg4 Rxg4 21.f3 Rg6 22.
Rab1 Bg7 23.c5 Bf6 24.cxb6 cxb6 25.b5 a5 26.Na4 Nc8 27.Rdc1 Bd8 28.Rc2 Ke8
29.Nb2 Kd7 30.a4 Bg5 31.Rg2 Bxe3 32.Rxg6 Ne7 33.Rxd6+ Kxd6 34.Nc4+ Kd7 35.
Nxe3 Rc8 36.Ke2 Rc3 37.Kd2 Ra3 38.Nc4 Ra2+ 39.Rb2 Ra1 40.Nxb6+ Kc7 41.Nc4 
Rxa4 42.d6+ 1-0

[Event "7th Asia-ch"]
[Site "Subic Bay PHI"]
[Date "2009.05.23"]
[Round "11"]
[White "Chua, Aaron"]
[Black "Olay, Edgar Reggie"]
[Result "0-1"]
[WhiteElo "2116"]
[BlackElo "2348"]
[EventDate "2009.05.13"]
[PlyCount "64"]

1.e4 d6 2.Nf3 Nf6 3.Nc3 e5 4.d4 exd4 5.Nxd4 Be7 6.Bc4 O-O 7.Bb3 Na6 8.Be3 
Nc5 9.f3 Re8 10.Qd2 a5 11.O-O-O Nxb3+ 12.axb3 c6 13.g4 Qc7 14.h4 b5 15.h5 
a4 16.g5 Nd7 17.g6 axb3 18.Nxb3 Ne5 19.gxf7+ Kxf7 20.Rhg1 Nc4 21.Qg2 Rg8 
22.Bg5 b4 23.Nb1 Ra2 24.Rd4 Be6 25.Qe2 Nxb2 26.Rxb4 c5 27.Bxe7 cxb4 28.
N1d2 Qxe7 29.Nd4 Na4 30.Nc6 Qc7 31.Qb5 Ra1+ 32.Nb1 Rxb1+ 0-1